000 00522nam a22001697a 4500
008 250707b |||||||| |||| 00| 0 eng d
020 _a9781138655171
050 _aBF 441 .H35 2023
100 _aHalpern,Diane F.
245 _aThought and knowledge :
_ban introduction of critical thinking/
250 _a6th ed.
260 _aNewYork and London :
_bRoutledge,
_cc2023.
300 _aviii,418p.
_bill.
_c26cm
504 _aincludes index and reference
700 _aDunn,Dana S.
942 _2lcc
_cBOOKS
_kBF 441 .H35 2023
999 _c32293
_d32293